| 000 | 00666cam a22002415a 4500 | ||
|---|---|---|---|
| 001 | 20595452 | ||
| 005 | 20180828042950.0 | ||
| 008 | 180723s2013 xxu 000 0 eng | ||
| 010 | _a 2011943654 | ||
| 020 | _a1111970610 | ||
| 020 | _a9781111970611 | ||
| 040 |
_aDLC _cDLC |
||
| 041 | _aeng | ||
| 042 | _apcc | ||
| 080 | _a330.101.262 | ||
| 082 | _2330.101.262 | ||
| 100 | _a52 | ||
| 101 | _aMIK | ||
| 245 | 0 | 0 |
_aMicroeconomics : _cJames D. Gwartney, Richard Stroup, Russell S. Sobel, David A. Macpherson. |
| 906 |
_a0 _bibc _corigres _d2 _encip _f20 _gy-gencatlg |
||
| 942 |
_2ddc _cBK |
||
| 999 |
_c47362 _d47362 |
||